| 000 | 00951nam a2200289 i 4500 | ||
|---|---|---|---|
| 003 | OSt | ||
| 005 | 20260408111624.0 | ||
| 008 | 260209t20252024nyuao er 001 0 eng eng d | ||
| 020 |
_a9781266893407 _cRM 131.78 _qpaperback |
||
| 040 |
_aPPAK _beng _cPPAK _erda |
||
| 082 | 0 | 4 |
_223 _a153.6 |
| 090 | 0 | 0 |
_a153.6 _bFLO _dG |
| 100 | 1 |
_aFloyd, Kory, _eauthor. |
|
| 245 | 1 | 0 |
_aInterpersonal Communication / _cKory Floyd. |
| 250 | _a2024 RELEASE | ||
| 264 | 1 |
_aNew York, NY : _bMcGraw Hill LLC, _c2024 |
|
| 264 | 4 | _c©2024 | |
| 300 |
_axxvi, 409 pages : _bcolour photographs ; _c26 cm |
||
| 336 |
_atext _2rdacontent |
||
| 336 |
_astill image _2rdacontent |
||
| 337 |
_aunmediated _2rdamedia |
||
| 338 |
_avolume _2rdacarrier |
||
| 500 | _aThis International Students Edition is for use outside of the U.S. | ||
| 504 | _aIncludes bibliographical references and index. | ||
| 650 | 1 | 0 | _aInterpersonal communication. |
| 942 |
_2ddc _cB |
||
| 999 |
_c203680 _d203680 |
||